00791nam a2200241Ia 4500003000900000008004100009040001300050040001300063041000800076100001900084245007700103250002200180260002100202260000900223300001100232300000900243300001200252490005600264490000600320942000700326999001700333952019900350IT-RoPAU120407s9999 xx 000 0 und d aIT-RoPAU cIT-RoPAU aita aElio Guerriero aSilone l’inquieto. L’avventura umana e letteraria di Ignazio Silone. aCinisello Balsamo aEdizioni Paoline c1990 a166 p. bill. c21,5 cm aLe opere, i giorni: I protagonisti della cultura, 6 v1 cBK c26826d26826 00102ddc406808_26600000000000071aPAULUSbPAULUSd2012-04-11l0o808.266r2012-04-11 00:00:00w2012-04-11yBKzInserito da: Anna In data: 12 settembre 2011 fondo: Via A.Severo 56 Progr:32864